Library Logo

Pioneer International University Library Catalogue

Interaction design : (Record no. 561)

MARC details
000 -LEADER
fixed length control field 00842cam a2200205 a 4500
005 - DATE AND TIME OF LATEST TRANSACTION
control field 20250901165224.0
008 - FIXED-LENGTH DATA ELEMENTS--GENERAL INFORMATION
fixed length control field 060914s2007 enka b 001 0 eng
010 ## - LIBRARY OF CONGRESS CONTROL NUMBER
LC control number 2006030649
020 ## - INTERNATIONAL STANDARD BOOK NUMBER
International Standard Book Number 9780470018668 (pbk. : alk. paper)
020 ## - INTERNATIONAL STANDARD BOOK NUMBER
International Standard Book Number 0470018666 (pbk. : alk. paper)
050 00 - LIBRARY OF CONGRESS CALL NUMBER
Classification number QA76.9.H85.P72 2007
Item number P72 2007
082 00 - DEWEY DECIMAL CLASSIFICATION NUMBER
Classification number 004/.019
Edition information 22
100 1# - MAIN ENTRY--PERSONAL NAME
Personal name Sharp, Helen.
245 10 - TITLE STATEMENT
Title Interaction design :
Remainder of title beyond human-computer interaction /
Statement of responsibility, etc. [Helen] Sharp, [Yvonne] Rogers, [Jenny] Preece.
250 ## - EDITION STATEMENT
Edition statement 2nd ed.
260 ## - PUBLICATION, DISTRIBUTION, ETC.
Place of publication, distribution, etc. Chichester ;
-- Hoboken, NJ :
Name of publisher, distributor, etc. Wiley,
Date of publication, distribution, etc. c2007.
300 ## - PHYSICAL DESCRIPTION
Extent xxvi, 773 p. :
Other physical details ill. (some col.) ;
Dimensions 24 cm.
500 ## - GENERAL NOTE
General note Prev. ed. cataloged as: Interaction design : beyond human-computer interaction / [Jennifer] Preece, [Yvonne] Rogers, [Helen] Sharp.
942 ## - ADDED ENTRY ELEMENTS (KOHA)
Source of classification or shelving scheme Library of Congress Classification
Classification part QA76.9.H85P72 2006
Holdings
Withdrawn status Lost status Source of classification or shelving scheme Damaged status Not for loan Home library Current library Shelving location Date acquired Total checkouts Full call number Barcode Date last seen Price effective from Koha item type
    Library of Congress Classification     Main Library Main Library   02/23/2021   QA76.9.H85.P72 2007 PIU0001563 02/23/2021 02/23/2021 Books